00286 a2200109 4500020001500000082001200015100002000027245005800047250001200105260005100117300000800168 a8120306724 a658.154 aWelsch Glenn A. aBudgeting Profit Planing And ControlcGlenn A. Welsch a5th Ed. aNew Delhi, IndiabPrentice hall of indiac1998 a661